[Event "Swidnica op rap"]
[Site "Swidnica"]
[Date "1998.??.??"]
[Round "?"]
[White "Arbakov, Valentin"]
[Black "Sedov, Dmitri"]
[Result "1/2-1/2"]
[WhiteElo "2445"]
[BlackElo "2375"]
[PlyCount "136"]
[EventDate "1998.??.??"]
[EventType "swiss"]
[EventRounds "9"]
[EventCountry "POL"]
[SourceTitle "EXT 2003"]
[Source "ChessBase"]
[SourceDate "2002.11.25"]
[SourceVersion "1"]
[SourceVersionDate "2002.11.25"]
[SourceQuality "1"]

1. d4 Nf6 2. c4 g6 3. Nc3 Bg7 4. e4 d6 5. h3 0-0 6. Bg5 c5 7. d5 e6 8. Bd3 exd5 9. cxd5 a6 10. a4 Qa5 11. Bd2 Nbd7 12. Nf3 Qc7 13. 0-0 c4 14. Bc2 Re8 15. Be3 Nc5 16. Nd2 Bd7 17. a5 Bb5 18. Bd4 Rac8 19. Re1 Qd8 20. f4 Nh5 21. Bxg7 Kxg7 22. Qf3 Qf6 23. g3 Nd3 24. Bxd3 cxd3 25. Qf2 Rxc3 26. bxc3 Qxc3 27. Rec1 Qb4 28. Rcb1 Qc3 29. Rc1 Qb4 30. Ra2 Nf6 31. Qb6 Nd7 32. Qe3 Nf6 33. Rb1 Qc3 34. Qf3 Qd4+ 35. Qf2 Qxf2+ 36. Kxf2 Nxe4+ 37. Nxe4 Rxe4 38. Re1 Rd4 39. Ke3 Rxd5 40. Rc1 g5 41. Rc7 gxf4+ 42. gxf4 Bc6 43. Rg2+ Kf6 44. Rg5 Rxg5 45. fxg5+ Kxg5 46. Rxf7 d2 47. Kxd2 h5 48. Ke3 Kh4 49. Rh7 Bg2 50. Kf4 Bh1 51. Rh6 Bg2 52. Rxd6 Kxh3 53. Rd3+ Kh4 54. Rd2 Kh3 55. Rd7 Bc6 56. Re7 Kh4 57. Rg7 Bh1 58. Rg1 Bc6 59. Rf1 Bg2 60. Rf2 Kh3 61. Rd2 h4 62. Rd4 Kh2 63. Kg4 h3 64. Rd2 Kg1 65. Kg3 Bf1 66. Rc2 Bg2 67. Rb2 Bf1 68. Rc2 Bg2 1/2-1/2

[Event "Swidnica op rap"]
[Site "Swidnica"]
[Date "1998.??.??"]
[Round "?"]
[White "Buturin, Vladimir"]
[Black "Sedov, Dmitri"]
[Result "1-0"]
[WhiteElo "2460"]
[BlackElo "2375"]
[PlyCount "81"]
[EventDate "1998.??.??"]
[EventType "swiss"]
[EventRounds "9"]
[EventCountry "POL"]
[SourceTitle "EXT 2003"]
[Source "ChessBase"]
[SourceDate "2002.11.25"]
[SourceVersion "1"]
[SourceVersionDate "2002.11.25"]
[SourceQuality "1"]

1. d4 Nf6 2. Nf3 g6 3. c4 Bg7 4. Nc3 d6 5. e4 0-0 6. Be2 e5 7. d5 a5 8. Bg5 h6 9. Bh4 Na6 10. 0-0 Qe8 11. Nd2 Nh7 12. Rb1 Bd7 13. b3 b6 14. a3 h5 15. f3 Bh6 16. b4 axb4 17. axb4 Kh8 18. Rb2 f5 19. Qb3 Qf7 20. Bf2 f4 21. Ra2 g5 22. Rfa1 Bc8 23. c5 g4 24. Bxa6 g3 25. Be1 gxh2+ 26. Kxh2 Rxa6 27. Rxa6 h4 28. Ra8 h3 29. Rxc8 Rxc8 30. gxh3 Rg8 31. Qc4 Qh5 32. Qf1 Bg5 33. Ne2 bxc5 34. bxc5 Bh4 35. Bxh4 Qxh4 36. Qe1 Qh5 37. Qf2 Ng5 38. h4 Rb8 39. Rg1 Nf7 40. cxd6 cxd6 41. Kh3 1-0

[Event "Swidnica op rap"]
[Site "Swidnica"]
[Date "1998.??.??"]
[Round "?"]
[White "Vysochin, Spartak"]
[Black "Sedov, Dmitri"]
[Result "1-0"]
[WhiteElo "2465"]
[BlackElo "2375"]
[PlyCount "63"]
[EventDate "1998.??.??"]
[EventType "swiss"]
[EventRounds "9"]
[EventCountry "POL"]
[SourceTitle "EXT 2003"]
[Source "ChessBase"]
[SourceDate "2002.11.25"]
[SourceVersion "1"]
[SourceVersionDate "2002.11.25"]
[SourceQuality "1"]

1. e4 d6 2. d4 Nf6 3. Nc3 g6 4. Nf3 Bg7 5. Be3 0-0 6. Qd2 Ng4 7. Bg5 h6 8. Bh4 Nd7 9. h3 Ngf6 10. e5 Nh7 11. 0-0-0 Nb6 12. Qe3 d5 13. g4 Be6 14. Nd2 c5 15. Nb3 c4 16. Nc5 Nd7 17. Bg2 b6 18. Nb7 Qc7 19. Nxd5 Bxd5 20. Bxd5 e6 21. Be4 Rab8 22. Nd6 b5 23. f4 Rb6 24. Kb1 b4 25. f5 Ra6 26. Qe2 Rc8 27. Nxc8 Qxc8 28. fxe6 fxe6 29. d5 Nxe5 30. dxe6 g5 31. e7 Kf7 32. Bxh7 1-0

[Event "Crimea-ch"]
[Site "Simferopol"]
[Date "1996.??.??"]
[Round "4"]
[White "Alexeev, Anatoly V"]
[Black "Sedov, Dmitri"]
[Result "1/2-1/2"]
[WhiteElo "2370"]
[BlackElo "2295"]
[PlyCount "85"]
[EventDate "1996.??.??"]
[EventType "swiss"]
[EventRounds "9"]
[EventCountry "UKR"]
[SourceTitle "EXT 2000"]
[Source "ChessBase"]
[SourceDate "1999.11.16"]
[SourceVersion "1"]
[SourceVersionDate "1999.11.16"]
[SourceQuality "1"]

1. e4 d6 2. d4 Nf6 3. Nc3 g6 4. Nf3 Bg7 5. Be2 c6 6. 0-0 0-0 7. Re1 Nbd7 8. Bf4 Qc7 9. e5 Nh5 10. exd6 exd6 11. Bg5 h6 12. Be3 Ndf6 13. h3 Nd5 14. Nxd5 cxd5 15. Qd2 Kh7 16. Rac1 Qd8 17. c4 Nf6 18. Bf4 a5 19. Bd3 Be6 20. c5 dxc5 21. Rxc5 Ne4 22. Bxe4 dxe4 23. Rxe4 Bd5 24. Re3 Bxa2 25. b3 Bb1 26. Bc7 Qf6 27. Rxa5 Rac8 28. Be5 Qc6 29. Rc5 Qd7 30. Bxg7 Kxg7 31. Ne5 Qd6 32. Nc4 Qf6 33. Rf3 Qe7 34. Rxc8 Rxc8 35. Ne5 Bf5 36. Qf4 Qg5 37. d5 Qxf4 38. Rxf4 Rc1+ 39. Kh2 Rd1 40. g4 Rxd5 41. gxf5 Rxe5 42. fxg6 fxg6 43. Kg3 1/2-1/2

[Event "Crimea-ch"]
[Site "Simferopol"]
[Date "1996.??.??"]
[Round "5"]
[White "Sedov, Dmitri"]
[Black "Arzumanian, Georgy"]
[Result "1-0"]
[WhiteElo "2295"]
[BlackElo "2330"]
[PlyCount "69"]
[EventDate "1996.??.??"]
[EventType "swiss"]
[EventRounds "9"]
[EventCountry "UKR"]
[SourceTitle "EXT 2000"]
[Source "ChessBase"]
[SourceDate "1999.11.16"]
[SourceVersion "1"]
[SourceVersionDate "1999.11.16"]
[SourceQuality "1"]

1. e4 c5 2. Nf3 e6 3. d3 Nc6 4. Nbd2 g6 5. g3 Bg7 6. Bg2 Nge7 7. 0-0 0-0 8. Re1 d6 9. a4 b6 10. c3 Bb7 11. h4 Qc7 12. Nf1 Rad8 13. h5 d5 14. hxg6 hxg6 15. Qe2 dxe4 16. dxe4 Na5 17. Bg5 Rd7 18. Rad1 Rfd8 19. Rxd7 Rxd7 20. N1h2 f6 21. Bc1 e5 22. Bh3 Rd6 23. b4 cxb4 24. cxb4 Nc4 25. b5 Bc8 26. Bxc8 Qxc8 27. Nf1 Bf8 28. Kg2 Qe6 29. Ne3 Nxe3+ 30. Bxe3 Qb3 31. Ra1 Qd3 32. Qa2+ Kg7 33. Bh6+ Kxh6 34. Qf7 Kh5 35. Rh1+ 1-0